000 00578nam a2200229Ia 4500
003 OSt
005 20221005133023.0
006 a|||||r|||| 00| 0
007 ta
008 221004b |||||||| |||| 00| 0 tam d
024 _a51234
037 _cTextual
040 _aCRL
_cCRL
_btam
041 _2tam
_atam
082 _aO35,1I10w, 31L8
100 _aReddiar N. Subbu Tr.
_9629014
245 0 _aVemanar
260 _c1978
650 _aTELUGU LITERATURE
942 _hO35,1I10w, 31L8
_cTEXL
_2cc
999 _c1065502
_d1065502